ბათუმის შოთა რუსთაველის სახელმწიფო უნივერსიტეტის ბიბლიოთეკა

განათლების, სწავლა/სწავლებისა და აღზრდის საკითხები : (ბიბ.ჩანაწერი № 58375)

000 -ლიდერი
ფიქსირებული სიგრძის საკონტროლო ველი 02053nam a22002897a 4500
003 - საკონტროლო ნომრის იდენტიფიკატორი
საკონტროლო ველი Ge_BSU
005 - ბოლო ოპერაციის თარიღი და დრო
საკონტროლო ველი 20211222124158.0
008 - ფიქსირებული სიგრძის მონაცემთა ელემენტები - ზოგადი ინფორმაცია
ფიქსირებული სიგრძის საკონტროლო ველი 211222s2021ge xxu||||| |||| 00| 0 geo d
020 ## - წიგნის საერთაშორისო სტანდარტული ნომერი
International Standard Book Number 9789941495250
041 ## - ენის კოდი
Language code of text/sound track or separate title geo
080 ## - უნივერსალური ათობითი კლასიფიკაციის ინდექსი
Universal Decimal Classification number 378(075.8) ბ-29
100 ## - მთავარი ჩანაწერი - პიროვნების სახელი
Personal name ბასილაძე, ი.
9 (RLIN) 13339
245 ## - ცნობა სათაურის შესახებ
Title განათლების, სწავლა/სწავლებისა და აღზრდის საკითხები :
Remainder of title (შესავალი თანამედროვე პედაგოგიურ აზროვნებაში) / I ნაწილი. /
Statement of responsibility, etc იმერი ბასილაძე ; ქეთევან ძოწენიძე; ნინო ჭოხონელიძე ; რედ: ავთანდილ ასათიანი; ლელა თავდგირიძე
264 ## - წარმოების, გამოცემის, დისტრიბუციის და სხვა ცნობები
გამოცემის, წარმოების, დისტრიბუციის... ადგილი ქუთაისი :
გამოცემის, წარმოების, დისტრიბუციის... სახელწოდება აკაკი წერეთლის სახელმწიფო უნივერსიტეტი,
გამოცემის, წარმოების, დისტრიბუციის... თარიღი 2021.
300 ## - ფიზიკური აღწერა
Extent 616 გვ.:
Dimensions 24 სმ.
504 ## - BIBLIOGRAPHY, ETC. NOTE
Bibliography, etc ბიბლიოგრაფია: გვ. 587-609.
520 ## - SUMMARY, ETC.
Summary, etc რეზიუმე ინგლისურ ენაზე.
653 ## - INDEX TERM--UNCONTROLLED
Uncontrolled term შესავალი თანამედროვე პედაგოგიურ აზროვნებაში
653 ## - INDEX TERM--UNCONTROLLED
Uncontrolled term პედაგოგიკა
700 ## - ADDED ENTRY--PERSONAL NAME
Personal name ძოწენიძე, ქეთევან
9 (RLIN) 8260
700 ## - ADDED ENTRY--PERSONAL NAME
Personal name ჭოხონელიძე, ნონო
9 (RLIN) 13340
700 ## - ADDED ENTRY--PERSONAL NAME
Personal name ასათიანი, ავთანდილ
Relator term რედაქტორი
9 (RLIN) 13341
700 ## - ADDED ENTRY--PERSONAL NAME
Personal name თავდგირიძე, ლელა
Relator term რედაქტორი
9 (RLIN) 1294
710 ## - ADDED ENTRY--CORPORATE NAME
Corporate name or jurisdiction name as entry element აკაკი წერეთლის სახელმწ. უნივერსიტეტი, პედაგიგური ფაკულტეტი, პედაგოგიკის დეპარტამენტი.
9 (RLIN) 13342
773 ## - HOST ITEM ENTRY
Title ნაჩუქარი
942 ## - ADDED ENTRY ELEMENTS (KOHA)
Source of classification or shelving scheme
Koha item type წიგნი
ეგზემპლარები
ჩამოწერის სტატუსი დაკარგული ეგზემპლარის სტატუსი კლასიფიკაციის წყარო ან თაროზე გაწყობის სქემა დაზიანების სტატუსი არ გაიცემა მუდმივი მდებარეობა (დაცვის ადგილი) ამჟამინდელი ადგილსამყოფელი თაროზე განთავსების ადგილი შეძენის თარიღი ღირებულება, შესყიდვის ნორმალური ფასი სრული შენახვის შიფრი შტრიხკოდი ბოლო ოპერაციის თარიღი ეგზემპლარის მიმდევრობითი ნომერი (კეტერი?) ფასის ძალაში შესვლის თარიღი ეგზემპლარის სახეობა საჯარო შენიშვნა Uniform Resource Identifier
          ბათუმის შოთა რუსთაველის სახელმწიფო უნივერსიტეტის მთავარი ბიბლიოთეკა ბათუმის შოთა რუსთაველის სახელმწიფო უნივერსიტეტის მთავარი ბიბლიოთეკა წიგნსაცავი 2021-12-22 20.00 378(075.8) ბ-29 62085 2021-12-22 62085 2021-12-22 წიგნი 20.00  
          ბათუმის შოთა რუსთაველის სახელმწიფო უნივერსიტეტის მთავარი ბიბლიოთეკა ბათუმის შოთა რუსთაველის სახელმწიფო უნივერსიტეტის მთავარი ბიბლიოთეკა წიგნსაცავი 2025-04-14 20.00 378(075.8) ბ-29 71113 2025-04-14 71113 2025-04-14 წიგნი 20.00 ნაჩუქარი
          ბათუმის შოთა რუსთაველის სახელმწიფო უნივერსიტეტის მთავარი ბიბლიოთეკა ბათუმის შოთა რუსთაველის სახელმწიფო უნივერსიტეტის მთავარი ბიბლიოთეკა წიგნსაცავი 2025-04-14 20.00 378(075.8) ბ-29 71114 2025-04-14 71114 2025-04-14 წიგნი 20.00 ნაჩუქარი
          ბათუმის შოთა რუსთაველის სახელმწიფო უნივერსიტეტის მთავარი ბიბლიოთეკა ბათუმის შოთა რუსთაველის სახელმწიფო უნივერსიტეტის მთავარი ბიბლიოთეკა წიგნსაცავი 2025-04-14 20.00 378(075.8) ბ-29 71115 2025-04-14 71115 2025-04-14 წიგნი 20.00 ნაჩუქარი